000 00651nam 22002173 4500
001 201593
010 _a978-989-555-451-5
021 _aPT
_b292699/09
090 _a201593
100 _a20260331d u||y0pory50 ba
200 _aEra uma vez um Rei Conquistador
_fJosé Jorge Letria
_gilustrado por Afonso Cruz
205 _a
210 _aAlfragide
_cOficina do Livro
_d2009
215 _a44, [1] p.
_cil. ; encadernado
_d28 cm
606 _91574
_aHistória de Portugal
675 _a94 (469)-93
_vPT
_zpor
700 _91079
_aLetria
_bJosé Jorge
_f1951-
702 _92108
_aCruz
_bAfonso
_f1971-
801 _aPT
_bBMMN
_gRPC
830 _cIsabel
990 _cLIVROS